000 00589nam a22001937a 4500
005 20230707072350.0
008 230602b |||||||| |||| 00| 0 eng d
020 _a9780128149133
040 _aCBULib
_cCBULib
041 _aeng
050 _aQD 96.N8 Ann
100 _aWebb, Graham A.
245 _aAnnual reports on NMR spectroscopy. Volume 93, 2018
_c/ edited by Graham A. Webb
260 _bElsevier,
_c2018
_aLondon,
300 _aix,373 pages : illustrations
600 _2Title page
_aWEBB, GRAHAM A.
650 _2OCLC
_aNUCLEAR MAGNETIC RESONANCE SPECTROSCOPY
942 _c002
999 _c78296
_d78296